| 000 | 01950nam a2200397 c 4500 | ||
|---|---|---|---|
| 003 | BLK | ||
| 005 | 20180420221649.0 | ||
| 008 | 180408b bul|||||r ||||||| ||bul|| | ||
| 010 | _aKNG00049418000 | ||
| 020 |
_a954-8981-57-2 _bиздат.: Нова звезда |
||
| 040 | _aBLK | ||
| 041 |
_aBUL _cBUL |
||
| 080 |
_aТуризмът от стопанско гледище. Политика по отношение на туризма. Икономика и организация на туризма. Вътрешен и международен туризъм. Вж и 379.8 _b338.48 _x _z338.48 |
||
| 080 |
_aПазар. Анализ на пазара. Търсене. Предлагане. Конкуренция. Маркетингова логистика _b339.13 _x _z339.13 |
||
| 100 | 1 |
_aРибов, Манол Николов _eпърви автор _9246062 |
|
| 139 |
_aРибов, Манол Николов _bР 58 |
||
| 245 | 1 | 0 |
_aКонкурентни предимства в туризма _cМанол Николов Рибов. |
| 257 | _aBGR | ||
| 260 |
_аСофия _bНова звезда _c2005 |
||
| 300 |
_a452 с. _c24 см |
||
| 380 | _a3 | ||
| 490 | 1 | _aТуризъм без граници | |
| 500 | _aНа кор. загл. Конкурентно предимство в туризма. - Съдържа и Наръчник за конкурентноспособност. - Библиогр. с. 153-154. | ||
| 504 | _a153-154 | ||
| 650 | 4 |
_aТуризъм - икономика и организация _9263794 |
|
| 650 | 4 |
_aТуризъм, международен - икономика и организация _9248420 |
|
| 650 | 4 |
_aКонкуренция (икон.) _9263986 |
|
| 653 | _aтуризъм | ||
| 653 | _aикономика | ||
| 653 | _aконкуренция | ||
| 852 | _aЦб 223339 | ||
| 856 | 4 |
_qpdf _u |
|
| 856 | 4 |
_qpdf _u |
|
| 942 |
_cKNG _n0 |
||
| 944 |
_aCR _c12.04.2005 _kКети_Илиева |
||
| 944 |
_aED _c22.11.2012 _k |
||
| 999 |
_c45621 _d45621 |
||